00636 a2200205 450000500170000000800410001702000150005804000600007304100080013310000300014124500310017126000370020230000180023949000340025750000210029160000610031265000170037365000240039076500160041420161024153648.0141212s2005 sp ||||fr|||| 001 0 spa d a8498152127 aCO-BoUCMcSaul Niño (Modificó)dJose A. Gerenabspa1 aspa aGraves, Robertd1895-198510aYo, ClaudiocRobert Graves aMadrid (España)bEl Paisc2005 a508 páginas0 aPaís, novela históricav8 aIncluye índice1 aClaudiobId10 d.C.-54 a.C.vNovelasx Emperador de Roma 7aEmperadores  7aNovela histórica  aI, Claudius